000 01893nam0a2200373 4500
001 RU\NLR\bibl\1441700
005 20260426063025.0
010 _a978-5-02-037016-6
_91000
021 _aRU
_b2009-78729
_94933
035 _a(nilc)RSL-KNO-004390314
035 _a(NLR Aleph) 001433552
090 _a1417899
_c1417899
100 _a20090930d2009 |||y0rusy50 ca
101 0 _arus
102 _aRU
105 _ay |||||||||
200 1 _aРазвитие социально-экономической статистики
_eизбранные труды
_fН. Н. Ряузов
_g[редкол.: д.э.н. А. Н. Романов]
_gРоссийская акад. наук, Ин-т экономики, [Науч. совет Прогр. фундам. исслед. Президиума РАН "Изд. тр. выдающихся ученых"]
210 _aМосква
_cНаука
_d2009
_eСПб.
_gТип. Наука
215 _a258, [1] с., [1] л. портр.
_cил., табл.
_d22
225 1 _aПамятники отечественной науки. XX век
_fгл. редкол.: акад. Ю.С. Осипов (пред.) [и др.]
320 _aСписок трудов авт.: с. 249-255
320 _aБиблиогр.: с. 256
606 1 _aЭкономическая статистика
_yСССР
_92202642
_3RU\NLR\auth\661323533
686 _aУ051,0
_2rubbk
686 _aУ051.9(2)
700 1 _aРяузов
_bН. Н.
_f1907-1989
_gНиколай Николаевич
_4070
702 1 _4340
_7ca
_8rus
_aРоманов
_bА. Н.
_cд-р экон. наук, обработка экон. информации
_f1942-
_gАнатолий Николаевич
_913147
_3RU\NLR\auth\7730120
801 0 _aRU
_bРГБ
_c20090930
_grcr
801 1 _aRU
_bРГБ
_c20090930
801 2 _aRU
_bNLR
_c20091014
_grcr
830 _aпо кн
942 _cBOOK
980 _aNB